Countries with the most black people outside of Africa - Statistics

General Stats
  • This quiz has been taken 1,232 times
    1,205 since last reset
  • The average score is 12 of 16
Answer Stats
Black population Country % Correct
😀 46,300,000 United States
99%
108,200,000 Brazil
93%
3,300,000-5,500,000 France
92%
1,904,684 United Kingdom
91%
1,198,540 Canada
89%
1,386,556 Mexico
86%
😀 1,191,378 Spain
82%
😀 1,091,646 Italy
76%
😀 4,944,400 Colombia
75%
9,925,365 Haiti
72%
1,300,000 Cuba
67%
2,510,000 Jamaica
67%
1,087,427 Venezuela
66%
1,138,471 Dominican Republic
65%
3,370,000 Saudi Arabia
51%
3,500,000 Yemen
35%
No matching quizzes found
Score Distribution
Percent of People with Each Score
Percentile by Number Answered
Your Score History
You have not taken this quiz since the last reset